000 00840nam a22002417a 4500
005 20140821155448.0
010 _aB-522416-423 ENG-110568
020 _a9789380231136
_c365.00
035 _aB-522416-423
035 _aEN-94100
037 _adpl
_bUBH/vendor
037 _bDBAD/PUB
082 _a340.0954
100 _aMalik, Krishna Pal
245 _aLaw and social transformation in India /
_cby Krishna Pal Malik [and] Kaushik C. Raval
260 _aFaridabad
_bAllahabad Law Agency
_c2012(repr.)
270 _a16/2 Karkhana Bagh Mathura Road
_bFaridabad
300 _axI,571p.
_c25cm(pbk)
500 _aIncludes bibliographical references
700 _aRaval, Kaushik C.
942 _2ddc
_cEN
_h340.0954
_mMAL
999 _c77594
_d77594